Angola under the Portuguese : (Record no. 91574)
[ view plain ]
| 000 -LEADER | |
|---|---|
| fixed length control field | 01065cam a2200337 i 4500 |
| 001 - CONTROL NUMBER | |
| control field | 4161694 |
| 003 - CONTROL NUMBER IDENTIFIER | |
| control field | BD-DhUL |
| 005 - DATE AND TIME OF LATEST TRANSACTION | |
| control field | 20160801195502.0 |
| 008 - FIXED-LENGTH DATA ELEMENTS--GENERAL INFORMATION | |
| fixed length control field | 781018s1978 enkab b 001 0 eng |
| 010 ## - LIBRARY OF CONGRESS CONTROL NUMBER | |
| LC control number | 78320663 |
| 015 ## - NATIONAL BIBLIOGRAPHY NUMBER | |
| National bibliography number | GB78-12531 |
| 020 ## - INTERNATIONAL STANDARD BOOK NUMBER | |
| International Standard Book Number | 0435961004 : £9.50 |
| 020 ## - INTERNATIONAL STANDARD BOOK NUMBER | |
| International Standard Book Number | 0435961012 pbk. |
| 040 ## - CATALOGING SOURCE | |
| Original cataloging agency | DLC |
| Transcribing agency | DLC |
| Modifying agency | DLC |
| -- | BD-DhUL |
| 043 ## - GEOGRAPHIC AREA CODE | |
| Geographic area code | f-ao--- |
| 082 ## - DEWEY DECIMAL CLASSIFICATION NUMBER | |
| Classification number | 967.3 |
| Item number | BEA |
| 100 1# - MAIN ENTRY--PERSONAL NAME | |
| Personal name | Bender, Gerald J. |
| 245 10 - TITLE STATEMENT | |
| Title | Angola under the Portuguese : |
| Remainder of title | the myth and the reality / |
| Statement of responsibility, etc. | Gerald J. Bender. |
| 260 ## - PUBLICATION, DISTRIBUTION, ETC. (IMPRINT) | |
| Place of publication, distribution, etc. | London : |
| Name of publisher, distributor, etc. | Heinemann Educational, |
| Date of publication, distribution, etc. | 1978. |
| 300 ## - PHYSICAL DESCRIPTION | |
| Extent | xxviii, 287 p. : |
| Other physical details | ill., maps ; |
| Dimensions | 23 cm. |
| 365 ## - TRADE PRICE | |
| Price type code | US$ |
| Price amount | 31.60 |
| 504 ## - BIBLIOGRAPHY, ETC. NOTE | |
| Bibliography, etc | Includes bibliographical references in index. |
| 650 #0 - SUBJECT ADDED ENTRY--TOPICAL TERM | |
| Topical term or geographic name as entry element | Portuguese |
| Geographic subdivision | Angola. |
| 650 #0 - SUBJECT ADDED ENTRY--TOPICAL TERM | |
| Topical term or geographic name as entry element | Indigenous peoples |
| Geographic subdivision | Angola. |
| 651 #0 - SUBJECT ADDED ENTRY--GEOGRAPHIC NAME | |
| Geographic name | Angola |
| General subdivision | Race relations. |
| 651 #0 - SUBJECT ADDED ENTRY--GEOGRAPHIC NAME | |
| Geographic name | Angola |
| General subdivision | Social conditions. |
| 651 #0 - SUBJECT ADDED ENTRY--GEOGRAPHIC NAME | |
| Geographic name | Angola |
| General subdivision | Economic conditions. |
| 651 #0 - SUBJECT ADDED ENTRY--GEOGRAPHIC NAME | |
| Geographic name | Angola |
| General subdivision | Politics and government |
| Chronological subdivision | To 1975. |
| 906 ## - LOCAL DATA ELEMENT F, LDF (RLIN) | |
| a | 7 |
| b | cbc |
| c | orignew |
| d | 3 |
| e | ncip |
| f | 19 |
| g | y-gencatlg |
| 942 ## - ADDED ENTRY ELEMENTS (KOHA) | |
| Source of classification or shelving scheme | |
| Koha item type | Books |
| Price effective from | Date last seen | Permanent Location | Not for loan | Date acquired | Source of classification or shelving scheme | Koha item type | Lost status | Withdrawn status | Copy number | Source of acquisition | Collection code | Damaged status | Shelving location | Barcode | Current Location | Full call number |
|---|---|---|---|---|---|---|---|---|---|---|---|---|---|---|---|---|
| 2016-08-01 | 2016-08-01 | Dhaka University Library | 2016-08-01 | Books | 1 | Purchased | Non Fiction | General Stacks | A247950 | Dhaka University Library | 967.3 BEA |
